Представление документа в формате RUSMARC

ПолеНазваниеЗначение
  Тип записи a
  Библиографический уровень m
001 Контрольный номер d42d6a5e20834a6599580ae61471a96c
005 Дата корректировки 20150810121904.1
010 Индекс ISBN __
a ISBN 978-5-9916-2045-1
d Цена 650р. 00к.
101 Язык документа 0_
a Язык текста rus
102 Страна публикации __
a Страна публикации RU
200 Заглавие и сведения об ответственности 1_
a Заглавие Таможенное дело
b Общее обозначение материала Текст
e Сведения, относящиеся к заглавию учебник для бакалавров
205 Сведения об издании __
a Основные сведения об издании 4-е изд.
b Дополнительные сведения об издании перераб. и доп.
210 Выходные данные 1_
a Место издания М.
c Издательство Издательство Юрайт
d Дата издания 2015
215 Физическое описание __
a Объем 551 с.
225 Серия 2_
a Серия Бакалавр
610 Ключевые слова 0_
a Ключевые слова Таможенный кодекс
a Ключевые слова таможенная статистика
a Ключевые слова Временное хранение товаров
a Ключевые слова таможенное декларирование
a Ключевые слова таможенный представитель
a Ключевые слова выпуск товаров
a Ключевые слова эксорт
a Ключевые слова таможенный транзит
a Ключевые слова Временный ввоз
a Ключевые слова реимпорт
686 Индексы других классификаций __
a Классификационный индекс 65.428я73
700 Автор _1
a Фамилия Толкушкин А.В.
801 Источник записи _0
a Страна RU
b Организация РУК
g Правила каталогизации PSBO
801 Источник записи _1
a Страна RU
b Организация РУК
g Правила каталогизации PSBO
852 Данные о местонахождении __
i Авторский знак Т 522
901 Тип документа __
t Тип документа m
937 Технологическая информация __
a Создатель записи (имя) Иванова
952 Тип литературы __
b Гриф литературы для ВШ гриф
c Вид литературы учебник